| 000 | 01311 a2200229 4500 | ||
|---|---|---|---|
| 001 | 41345 | ||
| 005 | 20260407155707.0 | ||
| 008 | 260407a1983 arg spa d | ||
| 003 | AR-UNSa-BCEJYS | ||
| 040 |
_aAR-UNSa-BCEJYS _bspa _cAR-UNSa-BCEJYS |
||
| 080 |
_a94(82):32 _xHistoria Política y Constitucional de Argentina |
||
| 245 | 1 | 0 | _aHistoria política y constitucional Argentina 1776-1976 |
| 250 | _a4a. ed. | ||
| 264 | 1 |
_aBuenos Aires : _bA-Z Editora _c1983 |
|
| 300 |
_a432 p. _c23 cm. |
||
| 505 | _a1. Doctrinas e influencia que prepararon el proceso emancipador - 2. Los precursores de la emancipación - 3. Visperas de nuestra emancipación - 4. Comienzos de la emanicpación - 5. Emancipación política - 6. El problema constitucional - 7. La época de rosas - 8. La constitucion de 1853 - 9. Secesión - 10. Unión nacional - 11. La liga de gobernadores - 12. Grandes controversias - 13. Bajo la ley Sánz Peña - 14. Crisis Institucional - 15. El Peronismo - 16. La revolución libertadora - 17. Años confusos - 18. Dos ciclos políticos - 19. El ocaso de la Revolución Argentina - 20. Subversión y corrupción- | ||
| 942 | _cBK | ||
| 590 | _aniveau_biblio:m niveau_hierar:0 | ||
| 100 | 1 | _aRodríguez Varela, Alberto | |
| 700 | 1 | _aRomero Carranza, Ambrosio | |
| 700 | 1 | _aVentura, Eduardo | |
| 999 |
_c3479 _d3479 |
||